Statistics for Zenit Best Scorer By Year

Click here to take the quiz!

General Stats

  • This quiz has been taken 77 times
    (2 since last reset)
  • The average score is 3 of 45

Answer Stats

Player% Correct
Artem Dzyuba
100%
Andrey Arshavin
50%
Hulk
50%
Malcom
50%
Aleksandr Ivanov
0%
Aleksandr Kerzhakov
0%
Aleksandr Kokorin
0%
Aleksandr Markin
0%
Aleksandr Panov
0%
Alexandr Denisov
0%
Alexandr Gulevskiy
0%
Alexei Strepetov
0%
Anatoli Korotkov
0%
Anatoliy Vasilyev
0%
Anatoli Zinchenko
0%
Boris Chukhlov
0%
Fatih Tekke
0%
Gennadi Khromchenkov
0%
Gennadi Unanov
0%
Hennadiy Popovych
0%
Igor Danilov
0%
Lev Burchalkin
0%
Mateo Cassierra
0%
Mikhail Ivanov
0%
Nikolai Ryazanov
0%
Oleg Morozov
0%
Oleksandr Horshkov
0%
Pavel Pogrebnyak
0%
Pavel Sadyrin
0%
Pyotr Katrovsky
0%
Roman Maksymyuk
0%
Sardar Azmoun
0%
Sebastián Driussi
0%
Sergei Dmitriyev
0%
Stanislav Zavidonov
0%
Valeriy Tsaritsyn
0%
Viktor Zhylin
0%
Vladimir Goncharov
0%
Vladimir Kazachyonok
0%
Vladimir Klementyev
0%
Vladimir Kulik
0%
Yuriy Gerasimov
0%
Yuriy Solovyov
0%
Yuriy Volodin
0%
Yuri Zheludkov
0%

Score Distribution

Percentile by Number Answered

Percent of People with Each Score

Your Score History

You have not taken this quiz since the last reset